Komparácia účtovných závierok podnikateľskej účtovnej jednotky s neziskovou účtovnou jednotkou na praktickom príklade bakalárska práca

Na minha lista:
Detalhes bibliográficos
Autor principal: Janková, Diana
Autor Corporativo: Fakulta hospodárskej informatiky EU. Katedra účtovníctva a audítorstva
Outros Autores: Stanley, Renáta, 1981-
Formato: Livro
Idioma:eslovaco
Publicado em: Bratislava 2022
Tags: Adicionar Tag
Sem tags, seja o primeiro a adicionar uma tag!

MARC

LEADER 00000nbm a2200000 4500
001 0286117
005 20230207085240.1
041 0 |a slo 
044 |a SK 
245 1 0 |a Komparácia účtovných závierok podnikateľskej účtovnej jednotky s neziskovou účtovnou jednotkou na praktickom príklade  |b bakalárska práca  |c Diana Janková ; školiteľ: Renáta Stanley 
264 1 |a Bratislava  |c 2022 
300 |a 49 s. 
100 1 |a Janková, Diana 
700 1 |a Stanley, Renáta, 1981- 
710 2 |a Fakulta hospodárskej informatiky EU. Katedra účtovníctva a audítorstva